The conservation laws in relation to minerals, (Record no. 27339)

MARC details
000 -LEADER
fixed length control field 01054cam a22002891 4500
001 - CONTROL NUMBER
control field gs 37000086
003 - CONTROL NUMBER IDENTIFIER
control field DLC
005 - DATE AND TIME OF LATEST TRANSACTION
control field 20260227111341.0
008 - FIXED-LENGTH DATA ELEMENTS--GENERAL INFORMATION
fixed length control field 790406s1936 lau 000 0 eng c
010 ## - LIBRARY OF CONGRESS CONTROL NUMBER
LC control number gs 37000086
035 ## - SYSTEM CONTROL NUMBER
System control number (OCoLC)4828511
040 ## - CATALOGING SOURCE
Original cataloging agency U.S. Geol. survey. Library
Transcribing agency LU
Modifying agency DLC
042 ## - AUTHENTICATION CODE
Authentication code premarc
043 ## - GEOGRAPHIC AREA CODE
Geographic area code n-us-la
050 00 - LIBRARY OF CONGRESS CALL NUMBER
Classification number TN224.L8
Item number A4 1936
110 1# - MAIN ENTRY--CORPORATE NAME
Corporate name or jurisdiction name as entry element Louisiana.
245 14 - TITLE STATEMENT
Title The conservation laws in relation to minerals,
Remainder of title Revised, including amendments enacted at the regular session of 1936.
260 ## - PUBLICATION, DISTRIBUTION, ETC.
Place of publication, distribution, etc. New Orleans, La.,
Name of publisher, distributor, etc. Department of conservation,
Date of publication, distribution, etc. 1936.
300 ## - PHYSICAL DESCRIPTION
Extent vii p. 1 l., 7-115, [1] p.
Dimensions 16 cm.
500 ## - GENERAL NOTE
General note At head of title: State of Louisiana.
500 ## - GENERAL NOTE
General note "Edited and indexed by N. E. Simoneaux and C. K. Moresi."--p. iii.
650 #0 - SUBJECT ADDED ENTRY--TOPICAL TERM
Topical term or geographic name entry element Mining law
Geographic subdivision Louisiana.
650 #0 - SUBJECT ADDED ENTRY--TOPICAL TERM
Topical term or geographic name entry element Mines and mineral resources
Geographic subdivision Louisiana.
700 1# - ADDED ENTRY--PERSONAL NAME
Personal name Simoneaux, Nicole Emile,
Dates associated with a name 1894-
Relator term editor.
700 1# - ADDED ENTRY--PERSONAL NAME
Personal name Moresi, Cyril Killian,
Relator term joint editor.
710 1# - ADDED ENTRY--CORPORATE NAME
Corporate name or jurisdiction name as entry element Louisiana.
Subordinate unit Department of Conservation.

No items available.

Powered by Koha